00225nam a2200085Ia 4500008004100000100002200041245004900063260001900112300000800131191201s2019 xx 000 0 und d aSS, Vinod Chandra 0aArtificial Intelligence and Machine Learning bPHIaNEW DELHI a349